<?xml version="1.0" encoding="UTF-8"?>
<record
    xmlns:xsi="http://www.w3.org/2001/XMLSchema-instance"
    xsi:schemaLocation="http://www.loc.gov/MARC21/slim http://www.loc.gov/standards/marcxml/schema/MARC21slim.xsd"
    xmlns="http://www.loc.gov/MARC21/slim">

  <leader>01361nam a2200181Ia 4500</leader>
  <controlfield tag="008">100122s9999    xx            000 0 und d</controlfield>
  <datafield tag="082" ind1=" " ind2=" ">
    <subfield code="b">68700</subfield>
    <subfield code="a">920.054</subfield>
  </datafield>
  <datafield tag="100" ind1=" " ind2=" ">
    <subfield code="a">&#x92E;&#x94B;&#x928;&#x947; &#x909;&#x924;&#x94D;&#x924;&#x930;&#x93E;</subfield>
  </datafield>
  <datafield tag="245" ind1=" " ind2=" ">
    <subfield code="a">&#x915;&#x943;&#x924;&#x93E;&#x930;&#x94D;&#x925;</subfield>
  </datafield>
  <datafield tag="250" ind1=" " ind2=" ">
    <subfield code="a">1</subfield>
  </datafield>
  <datafield tag="260" ind1=" " ind2=" ">
    <subfield code="b">&#x905;&#x935;&#x93F;&#x937;&#x94D;&#x915;&#x93E;&#x930; &#x92A;&#x94D;&#x930;&#x915;&#x93E;&#x936;&#x928;</subfield>
    <subfield code="c">2004</subfield>
  </datafield>
  <datafield tag="300" ind1=" " ind2=" ">
    <subfield code="a">152</subfield>
  </datafield>
  <datafield tag="520" ind1=" " ind2=" ">
    <subfield code="a">&#x935;&#x93F;&#x920;&#x94D;&#x920;&#x932; &#x915;&#x93E;&#x92E;&#x924;/&#x935;&#x93F;&#x915;&#x94D;&#x930;&#x92E; &#x917;&#x94B;&#x916;&#x932;&#x947;/&#x935;&#x93F;&#x936;&#x94D;&#x935;&#x93E;&#x938; &#x92A;&#x93E;&#x91F;&#x940;&#x932;/&#x92E;&#x947;&#x918;&#x928;&#x93E; &#x92A;&#x947;&#x920;&#x947;/&#x905;&#x930;&#x941;&#x923; &#x928;&#x932;&#x93E;&#x935;&#x921;&#x947;/&#x938;&#x91A;&#x93F;&#x928; &#x92A;&#x93F;&#x933;&#x917;&#x93E;&#x902;&#x935;&#x915;&#x930;/&#x905;&#x92D;&#x92F; &#x92C;&#x902;&#x917; /&#x935;&#x940;&#x923;&#x93E; &#x92A;&#x93E;&#x91F;&#x940;&#x932;/&#x92D;&#x942;&#x937;&#x923; &#x917;&#x917;&#x930;&#x93E;&#x923;&#x940;/&#x905;&#x902;&#x91C;&#x932;&#x940; &#x935;&#x947;&#x926;&#x92A;&#x93E;&#x920;&#x915;/&#x938;&#x902;&#x91C;&#x940;&#x935; &#x932;&#x93E;&#x91F;&#x915;&#x930;/&#x92A;&#x94D;&#x930;&#x924;&#x93F;&#x92E;&#x93E; &#x915;&#x941;&#x932;&#x915;&#x930;&#x94D;&#x923;&#x940; /&#x92A;&#x926;&#x94D;&#x92E;&#x91C;&#x93E; &#x92B;&#x947;&#x923;&#x93E;&#x923;&#x940;/&#x92E;</subfield>
  </datafield>
  <datafield tag="620" ind1=" " ind2=" ">
    <subfield code="a">&#x935;&#x93F;&#x920;&#x94D;&#x920;&#x932; &#x915;&#x93E;&#x92E;&#x924;/&#x935;&#x93F;&#x915;&#x94D;&#x930;&#x92E; &#x917;&#x94B;&#x916;&#x932;&#x947;/&#x935;&#x93F;&#x936;&#x94D;&#x935;&#x93E;&#x938; &#x92A;&#x93E;&#x91F;&#x940;&#x932;/&#x92E;&#x947;&#x918;&#x928;&#x93E; &#x92A;&#x947;&#x920;&#x947;/&#x905;&#x930;&#x941;&#x923; &#x928;&#x932;&#x93E;&#x935;&#x921;&#x947;/&#x938;&#x91A;&#x93F;&#x928; &#x92A;&#x93F;&#x933;&#x917;&#x93E;&#x902;&#x935;&#x915;&#x930;/&#x905;&#x92D;&#x92F; &#x92C;&#x902;&#x917; /&#x935;&#x940;&#x923;&#x93E; &#x92A;&#x93E;&#x91F;&#x940;&#x932;/&#x92D;&#x942;&#x937;&#x923; &#x917;&#x917;&#x930;&#x93E;&#x923;&#x940;/&#x905;&#x902;&#x91C;&#x932;&#x940; &#x935;&#x947;&#x926;&#x92A;&#x93E;&#x920;&#x915;/&#x938;&#x902;&#x91C;&#x940;&#x935; &#x932;&#x93E;&#x91F;&#x915;&#x930;/&#x92A;&#x94D;&#x930;&#x924;&#x93F;&#x92E;&#x93E; &#x915;&#x941;&#x932;&#x915;&#x930;&#x94D;&#x923;&#x940; /&#x92A;&#x926;&#x94D;&#x92E;&#x91C;&#x93E; &#x92B;&#x947;&#x923;&#x93E;&#x923;&#x940;/&#x92E;</subfield>
  </datafield>
  <datafield tag="630" ind1=" " ind2=" ">
    <subfield code="a">&#x915;&#x943;&#x924;&#x93E;&#x930;&#x94D;&#x925;</subfield>
  </datafield>
  <datafield tag="730" ind1=" " ind2=" ">
    <subfield code="a">&#x915;&#x943;&#x924;&#x93E;&#x930;&#x94D;&#x925;</subfield>
  </datafield>
  <datafield tag="942" ind1=" " ind2=" ">
    <subfield code="c">BOOK</subfield>
  </datafield>
  <datafield tag="999" ind1=" " ind2=" ">
    <subfield code="c">440280</subfield>
    <subfield code="d">440277</subfield>
  </datafield>
  <datafield tag="952" ind1=" " ind2=" ">
    <subfield code="0">0</subfield>
    <subfield code="1">0</subfield>
    <subfield code="4">0</subfield>
    <subfield code="7">0</subfield>
    <subfield code="a">SVPPARLE</subfield>
    <subfield code="b">SVPPARLE</subfield>
    <subfield code="d">2006-01-21</subfield>
    <subfield code="g">200.00</subfield>
    <subfield code="l">0</subfield>
    <subfield code="o">68700</subfield>
    <subfield code="p">SVPPARLE-68700</subfield>
    <subfield code="r">2010-01-25 00:00:00</subfield>
    <subfield code="v">200.00</subfield>
    <subfield code="w">2010-01-25</subfield>
    <subfield code="y">BOOK</subfield>
    <subfield code="z">General NA</subfield>
  </datafield>
</record>
